000 00379nam a2200145Ia 4500
001 4229
008 140318s9999 xx 000 0 und d
040 _cPK-LaUMT
082 _a 004.6920255491
_bAAN-
245 _aA&A's E-mail directory for Pakistan (National & Internationa
260 _aRawalpindi,Pakistan:
_bFawn Tra.,
_c1996
300 _a193 p.
546 _aEN
942 _cBK
999 _c4437
_d4437